000 00465nam a2200181Ia 4500
008 240925s9999 xx 000 0 und d
020 _a9780470028322
082 _a306.36209 ENN
100 _aEnnals, Richard
245 0 _aFrom slavery to citizenship
250 _aNA
260 _aNew York:
_bJohn Wiley & Sons
_c,2007.
300 _a143p.
_b0
_fOriginal
500 _aIncludes Index
600 _aSocial Sciences
650 _aSocial Sciences
942 _cBK
999 _c17605
_d17605